| 000 | 00808nam a2200241 a 4500 | ||
|---|---|---|---|
| 001 | 12982 | ||
| 003 | BD-JhCC | ||
| 005 | 20230610114651.0 | ||
| 008 | 230610s2019 a|||| |||| 000 0 d | ||
| 020 | _a9789849353584 | ||
| 035 | _a(BD-JhCC)12982 | ||
| 040 |
_aBD-JhCC _dBD-JhCC |
||
| 041 | _aben | ||
| 082 |
_a520 _bROY 2019 |
||
| 100 | _aরায়, ভবেশ | ||
| 245 |
_aস্কাইপিডিয়া / _cভবেশ রায় |
||
| 260 |
_aঢাকা : _bঅনুপম প্রকাশনী, _c২০১৯ |
||
| 300 |
_a২৪৫ পৃ. : _bচিত্রাবলী সংযোজিত, _c২২ সেমি. |
||
| 504 | _aগ্রন্থপঞ্জি সংযোজিত, | ||
| 650 | _aExploration of outer space | ||
| 650 | _aAstronomy | ||
| 942 |
_2ddc _cBK |
||
| 999 |
_c12982 _d12982 |
||